[Event "DM 2023 Kandidatklassen"]
[Site "Svendborg"]
[Date "2023.04.07"]
[Round "4"]
[White "Thogersen, Rasmus"]
[Black "Terryn, Ezra"]
[Result "0-1"]
[WhiteElo "2365"]
[BlackElo "2213"]
[PlyCount "82"]
[EventDate "2023.04.04"]
[EventType "swiss"]
[EventRounds "7"]
[EventCountry "DEN"]
[SourceTitle "Live v. Kasper Jerwiarz"]

1. e4 c5 2. Nf3 e6 3. g3 Nc6 4. Bg2 Nf6 5. Qe2 e5 6. c3 Be7 7. O-O O-O 8. Na3
Re8 9. Nc4 Bf8 10. d3 h6 11. Ne3 d5 12. Nh4 Be6 13. Nhf5 Qd7 14. Qf3 d4 15. Nd5
Nxd5 16. Nxh6+ gxh6 17. exd5 Bf5 18. dxc6 bxc6 19. Qxc6 Qe7 20. Be4 Rac8 21.
Qa6 Bxe4 22. dxe4 Qd7 23. Qc4 Qe6 24. b3 Qxc4 25. bxc4 Rb8 26. Ba3 Re6 27. cxd4
exd4 28. Rfb1 Reb6 29. Rd1 Ra6 30. Rd3 Ra4 31. Rb3 Re8 32. Rab1 Rxe4 33. Rf3
Rxc4 34. Rb7 Re7 35. Rb8 Kg7 36. Rf4 Re6 37. Rc8 Bd6 38. Rf5 d3 39. Bb2+ Be5
40. Bxe5+ Rxe5 41. Rxe5 d2 0-1

[Event "DM 2023 Kandidatklassen"]
[Site "Svendborg"]
[Date "2023.04.07"]
[Round "4"]
[White "Rewitz, Poul"]
[Black "Wahlgreen, Noah Krug"]
[Result "1-0"]
[WhiteElo "2219"]
[BlackElo "1975"]
[PlyCount "87"]
[EventDate "2023.04.04"]
[EventType "swiss"]
[EventRounds "7"]
[EventCountry "DEN"]
[SourceTitle "Live v. Kasper Jerwiarz"]

1. g3 Nf6 2. Bg2 g6 3. b4 Bg7 4. Bb2 O-O 5. c4 c6 6. a4 d6 7. a5 e5 8. d3 Qc7
9. Nf3 Na6 10. Qb3 Re8 11. O-O Bf5 12. Nc3 Rad8 13. Rfc1 Qd7 14. Na4 e4 15. Nh4
Bg4 16. dxe4 Bxe2 17. f3 d5 18. cxd5 cxd5 19. e5 Bc4 20. Qa3 Bf8 21. Bd4 Bxb4
22. Qb2 g5 23. exf6 gxh4 24. Nc3 h3 25. Qd2 Kh8 26. Qh6 Bf8 27. Qxh3 Qxh3 28.
Bxh3 Nc5 29. Bxc5 Bxc5+ 30. Kh1 Bd4 31. Rab1 Re3 32. Nb5 Bxf6 33. Nxa7 Bc3 34.
Rxb7 d4 35. Nc6 Rd6 36. Ne7 d3 37. Rb8+ Kg7 38. Nf5+ Kf6 39. Nxe3 d2 40. Rxc3
d1=Q+ 41. Nxd1 Rxd1+ 42. Kg2 Bf1+ 43. Kf2 Bxh3 44. Ra3 1-0

[Event "DM 2023 Kandidatklassen"]
[Site "Svendborg"]
[Date "2023.04.07"]
[Round "4"]
[White "Hoyer, Jacob K"]
[Black "Thybo, Thomas Sondergaard"]
[Result "1/2-1/2"]
[WhiteElo "2194"]
[BlackElo "2130"]
[PlyCount "122"]
[EventDate "2023.04.04"]
[EventType "swiss"]
[EventRounds "7"]
[EventCountry "DEN"]
[SourceTitle "Live v. Kasper Jerwiarz"]

1. d4 d5 2. c4 e6 3. cxd5 exd5 4. Nc3 c6 5. Bf4 Nf6 6. e3 Bf5 7. Bd3 Bxd3 8.
Qxd3 Nh5 9. Bg3 Nd7 10. Nge2 Be7 11. f3 O-O 12. Bf2 f5 13. h3 f4 14. O-O-O b5
15. Nxf4 Nxf4 16. exf4 Rf6 17. f5 Rxf5 18. Kb1 Rf7 19. Rhe1 Nb6 20. Ne2 Bb4 21.
Nc3 Bd6 22. h4 Nc4 23. Re6 Re7 24. Rxe7 Qxe7 25. Re1 Qf7 26. b3 Nb6 27. Kb2 a5
28. Qe2 a4 29. Qe6 Qxe6 30. Rxe6 Rd8 31. Kc2 Kf7 32. Re1 Ra8 33. Kd3 axb3 34.
axb3 Ra3 35. Rb1 Bb4 36. Be1 Bd6 37. Bd2 Na8 38. Ne2 Ra2 39. Rc1 Ra6 40. Bf4
Bxf4 41. Nxf4 Nc7 42. Re1 b4 43. Ke3 Ra3 44. Rb1 Nb5 45. Nd3 Nc3 46. Re1 Rxb3
47. Ne5+ Ke6 48. Nxc6 Nb5+ 49. Kf4+ Kd6 50. Na5 Rb2 51. Nb7+ Kc6 52. Nd8+ Kb6
53. Ke5 Nc3 54. Ne6 Rxg2 55. Nf4 Rg3 56. Nxd5+ Nxd5 57. Kxd5 Rxf3 58. Kc4 b3
59. Rb1 Kc6 60. Rxb3 Rd3 61. Rc3 Rxc3+ 1/2-1/2

[Event "DM 2023 Kandidatklassen"]
[Site "Svendborg"]
[Date "2023.04.07"]
[Round "4"]
[White "Nielsen, Phillip"]
[Black "Koch Mueller, Oscar"]
[Result "1/2-1/2"]
[WhiteElo "1987"]
[BlackElo "2167"]
[PlyCount "148"]
[EventDate "2023.04.04"]
[EventType "swiss"]
[EventRounds "7"]
[EventCountry "DEN"]
[SourceTitle "Live v. Kasper Jerwiarz"]

1. d4 d5 2. Bf4 c5 3. e3 cxd4 4. exd4 Nc6 5. c3 f6 6. Nf3 g5 7. Be3 Bf5 8. Bd3
e6 9. O-O h5 10. Re1 Kf7 11. Bxf5 exf5 12. Qe2 f4 13. Bd2 Qd7 14. c4 Nb4 15.
Bxb4 Bxb4 16. Nc3 Rc8 17. cxd5 Rxc3 18. Qe6+ Qxe6 19. dxe6+ Ke7 20. bxc3 Bxc3
21. Rab1 Bxe1 22. Rxb7+ Kxe6 23. Nxe1 Ne7 24. Rxa7 Nc6 25. Ra6 Kd5 26. h3 Rb8
27. Nd3 Rb1+ 28. Kh2 Rd1 29. Nc5 Nxd4 30. Nb3 Nxb3 31. axb3 Ke5 32. Ra5+ Ke6
33. Ra6+ Ke5 34. Ra5+ Ke6 35. Ra6+ Rd6 36. Ra5 h4 37. Rb5 Kd7 38. Kg1 Rd1+ 39.
Kh2 Ke6 40. Rb6+ Ke5 41. Rb5+ Ke6 42. Rb6+ Kf5 43. Rb5+ Kg6 44. Rb6 Rf1 45. f3
Rc1 46. Ra6 Rc8 47. Rb6 Rc5 48. Kg1 Rc1+ 49. Kf2 Rc2+ 50. Kf1 Rb2 51. Rb8 Rb1+
52. Kf2 Ra1 53. Rb6 Ra2+ 54. Kf1 Ra5 55. Kf2 Kf5 56. Kf1 Ke5 57. Kf2 Ra2+ 58.
Kg1 Ra8 59. Kf2 Ra5 60. Kg1 Ra7 61. Kf2 Rg7 62. Rb5+ Kd4 63. Rf5 Rf7 64. b4 Kc4
65. b5 Rb7 66. Rxf6 Rxb5 67. Rd6 Rb2+ 68. Kf1 Rb5 69. Kf2 Rd5 70. Re6 Kc5 71.
Re4 Kd6 72. Re8 Re5 73. Rxe5 Kxe5 74. Ke2 Kd4 1/2-1/2

[Event "DM 2023 Kandidatklassen"]
[Site "Svendborg"]
[Date "2023.04.07"]
[Round "4"]
[White "Thorsen, Adrian Stenstrop"]
[Black "Falkesgaard, Jeppe Hald"]
[Result "0-1"]
[WhiteElo "2060"]
[BlackElo "2062"]
[PlyCount "48"]
[EventDate "2023.04.04"]
[EventType "swiss"]
[EventRounds "7"]
[EventCountry "DEN"]
[SourceTitle "Live v. Kasper Jerwiarz"]

1. e4 c5 2. Nc3 a6 3. d4 cxd4 4. Qxd4 Nc6 5. Qe3 b5 6. Bd2 Bb7 7. O-O-O Nf6 8.
f4 e6 9. h3 d5 10. exd5 Nxd5 11. Qg3 Ncb4 12. Nge2 Rc8 13. a3 Nxc3 14. Nxc3 Nd5
15. Nxd5 Bxd5 16. Bc3 Qc7 17. Bd3 Qc6 18. f5 Qc7 19. Qg4 h5 20. Qe2 Bxa3 21.
Bxb5+ axb5 22. Rxd5 Qxc3 23. bxa3 Qa1+ 24. Kd2 Qxh1 0-1

[Event "DM 2023 Kandidatklassen"]
[Site "Svendborg"]
[Date "2023.04.07"]
[Round "4"]
[White "Jensen, Lars Munk"]
[Black "Mollasoltani, Aryan"]
[Result "1-0"]
[WhiteElo "2150"]
[BlackElo "2008"]
[PlyCount "73"]
[EventDate "2023.04.04"]
[EventType "swiss"]
[EventRounds "7"]
[EventCountry "DEN"]
[SourceTitle "Live v. Kasper Jerwiarz"]

1. c4 Nf6 2. Nc3 g6 3. g3 Bg7 4. Bg2 O-O 5. d3 d6 6. Rb1 e5 7. b4 Nbd7 8. Bd2
c6 9. Qc1 Re8 10. Bh6 Bh8 11. Bg5 Qc7 12. e4 a5 13. a3 Nf8 14. Nge2 Ne6 15. Bd2
axb4 16. axb4 Nd4 17. Nxd4 exd4 18. Ne2 Ng4 19. h3 Ne5 20. Rb3 f5 21. f4 fxe4
22. Bxe4 Nd7 23. Kf2 Nf6 24. Bf3 Bf5 25. g4 Be6 26. Ra3 Nd7 27. Qa1 Nb6 28. Ra5
Rxa5 29. bxa5 Nd7 30. Qa3 Ra8 31. Rb1 Nc5 32. Bb4 b6 33. Bxc5 bxc5 34. a6 Bc8
35. Qb3 Bxa6 36. Qb6 Qa7 37. Qxc6 1-0

[Event "DM 2023 Kandidatklassen"]
[Site "Svendborg"]
[Date "2023.04.07"]
[Round "4"]
[White "Le Besq, Alexander"]
[Black "Medhus, Vitus Bondo"]
[Result "1-0"]
[WhiteElo "2217"]
[BlackElo "2097"]
[PlyCount "115"]
[EventDate "2023.04.04"]
[EventType "swiss"]
[EventRounds "7"]
[EventCountry "DEN"]
[SourceTitle "Live v. Kasper Jerwiarz"]

1. e4 e5 2. Nf3 Nc6 3. Bb5 f5 4. d3 Nf6 5. O-O fxe4 6. dxe4 d6 7. Nc3 Be7 8.
Qd3 a6 9. Bxc6+ bxc6 10. Qc4 d5 11. Qxc6+ Bd7 12. Qb7 Rb8 13. Qxa6 d4 14. Nd5
Nxd5 15. exd5 Bb5 16. Qe6 Rb6 17. Qxe5 Bxf1 18. Bg5 Bxg2 19. Kxg2 Rg6 20. Re1
O-O 21. Qxe7 Qxd5 22. Qe4 Qf7 23. h4 h6 24. Re2 hxg5 25. Ne5 Re8 26. Nxf7 Rxe4
27. Rxe4 gxh4+ 28. Kh3 Kxf7 29. Rxd4 Rc6 30. c3 g5 31. f4 gxf4 32. Rxf4+ Ke7
33. Rxh4 Re6 34. Kg3 c5 35. Kf3 Kd7 36. Re4 Ra6 37. a3 Rf6+ 38. Ke3 Rb6 39. b4
Rh6 40. Rc4 Rh3+ 41. Kd2 cxb4 42. axb4 Kd6 43. Rc5 Rh2+ 44. Kd3 Rb2 45. Kc4 Rc2
46. Rd5+ Kc7 47. Rh5 Rg2 48. Kb5 Rg7 49. c4 Kb7 50. c5 Kc7 51. Rh6 Kb7 52. Ra6
Rg5 53. Rf6 Rg7 54. Rd6 Rh7 55. Rd7+ Rxd7 56. c6+ Kc7 57. cxd7 Kxd7 58. Kb6 1-0

[Event "DM 2023 Kandidatklassen"]
[Site "Svendborg"]
[Date "2023.04.07"]
[Round "4"]
[White "Thuesen, Mogens Henrik"]
[Black "Iskos, Lukas"]
[Result "1/2-1/2"]
[WhiteElo "2156"]
[BlackElo "2013"]
[PlyCount "110"]
[EventDate "2023.04.04"]
[EventType "swiss"]
[EventRounds "7"]
[EventCountry "DEN"]
[SourceTitle "Live v. Kasper Jerwiarz"]

1. e4 c6 2. c4 d5 3. cxd5 cxd5 4. exd5 Qxd5 5. Nc3 Qa5 6. Bc4 Nf6 7. d4 e6 8.
Nf3 a6 9. O-O Be7 10. d5 exd5 11. Nxd5 Nxd5 12. Bxd5 O-O 13. Re1 Bf6 14. Bg5
Be6 15. Bxe6 fxe6 16. Rxe6 Bxb2 17. Qb3 Qb5 18. Rd1 Qxb3 19. axb3 Nc6 20. h4
Rae8 21. Red6 Ne5 22. Nxe5 Rxe5 23. Rb6 h6 24. Be3 Rf7 25. Rd8+ Kh7 26. Rb8
Ree7 27. h5 Rd7 28. Re6 Rf5 29. g4 Rb5 30. Ree8 g6 31. hxg6+ Kxg6 32. Re6+ Kf7
33. Rxh6 Rxb3 34. Rh7+ Bg7 35. Rh5 Bd4 36. Rf5+ Kg7 37. Rg5+ Kf7 38. Rf5+ Kg7
39. Bf4 Rb5 40. Rff8 Rf7 41. Rg8+ Kh7 42. Bg3 a5 43. g5 Bg7 44. f4 a4 45. Ra8
a3 46. Rgd8 Rb1+ 47. Kg2 Rb2+ 48. Kh3 a2 49. Kg4 Rf8 50. f5 Rxd8 51. g6+ Kg8
52. Rxd8+ Bf8 53. Bd6 a1=Q 54. Rxf8+ Kg7 55. Rf7+ Kg8 1/2-1/2

[Event "DM 2023 Kandidatklassen"]
[Site "Svendborg"]
[Date "2023.04.08"]
[Round "5"]
[White "Ramsdal, Jens Albert"]
[Black "Liu, Casper Yukun"]
[Result "0-1"]
[WhiteElo "2388"]
[BlackElo "2241"]
[PlyCount "78"]
[EventDate "2023.04.04"]
[EventType "swiss"]
[EventRounds "7"]
[EventCountry "DEN"]
[SourceTitle "Live v. Kasper Jerwiarz"]

1. e4 e6 2. d4 d5 3. e5 c5 4. c3 Nc6 5. Nf3 Qb6 6. a3 c4 7. Nbd2 Na5 8. Be2 Bd7
9. O-O O-O-O 10. Qe1 Be7 11. Bd1 g5 12. Qe3 g4 13. Ng5 Nh6 14. Bc2 Rdg8 15. f4
Rg7 16. Qg3 Nf5 17. Bxf5 exf5 18. Ngf3 Qh6 19. Ne1 Ba4 20. Qe3 Bd1 21. Nd3 g3
22. hxg3 Rhg8 23. Nf2 Rxg3 24. Qxg3 Rxg3 25. Nxd1 Qg6 26. Rf2 Rd3 27. Rf1 Bh4
28. Nf3 Bg3 29. Ne3 Nb3 30. Nxd5 Qe6 31. Nb4 Nxa1 32. Nxd3 cxd3 33. Be3 Nb3 34.
Rd1 Qa6 35. d5 d2 36. Rxd2 Nxd2 37. Nxd2 Qh6 38. Nf3 Bxf4 39. Bxa7 b6 0-1

[Event "DM 2023 Kandidatklassen"]
[Site "Svendborg"]
[Date "2023.04.08"]
[Round "5"]
[White "De Vleeschauwer, Maarten"]
[Black "Rewitz, Poul"]
[Result "1-0"]
[WhiteElo "2256"]
[BlackElo "2219"]
[PlyCount "81"]
[EventDate "2023.04.04"]
[EventType "swiss"]
[EventRounds "7"]
[EventCountry "DEN"]
[SourceTitle "Live v. Kasper Jerwiarz"]

1. e4 e6 2. d4 d5 3. e5 c5 4. c3 Nc6 5. Nf3 Qb6 6. Bd3 Bd7 7. O-O cxd4 8. Re1
Nge7 9. Nbd2 dxc3 10. bxc3 Ng6 11. Nb3 Qc7 12. Nbd4 a6 13. Qe2 Be7 14. Rb1 O-O
15. h4 f5 16. exf6 Rxf6 17. Bxg6 Rxg6 18. Nxc6 bxc6 19. Ne5 Bxh4 20. Nxg6 hxg6
21. Rb4 Be7 22. Bf4 Bd6 23. Bxd6 Qxd6 24. Rb7 Bc8 25. Rb6 Rb8 26. Rxb8 Qxb8 27.
Qd3 Kh7 28. Qh3+ Kg8 29. Qg4 Kf7 30. Qg5 Bd7 31. Re3 Qb1+ 32. Kh2 Qb8+ 33. Rg3
Qh8+ 34. Kg1 Qh6 35. Rf3+ Ke8 36. Qe5 Ke7 37. Qb8 Qc1+ 38. Kh2 Qh6+ 39. Rh3 Qg5
40. Rh8 Bc8 41. Qc7+ 1-0

[Event "DM 2023 Kandidatklassen"]
[Site "Svendborg"]
[Date "2023.04.08"]
[Round "5"]
[White "Hansen, Soren Bech"]
[Black "Kistrup, Nicolai"]
[Result "0-1"]
[WhiteElo "2237"]
[BlackElo "2300"]
[PlyCount "134"]
[EventDate "2023.04.04"]
[EventType "swiss"]
[EventRounds "7"]
[EventCountry "DEN"]
[SourceTitle "Live v. Kasper Jerwiarz"]

1. e4 c5 2. Nf3 e6 3. c3 d5 4. e5 d4 5. Bd3 Bd7 6. Be4 Bc6 7. Qe2 Ne7 8. d3 Ng6
9. O-O Qc7 10. Re1 dxc3 11. bxc3 Be7 12. Na3 Bxe4 13. Qxe4 Qc6 14. Rb1 Qxe4 15.
Rxe4 Nc6 16. Kf1 O-O-O 17. Ke2 Rd5 18. c4 Rd7 19. Bd2 a6 20. Nc2 Bd8 21. g3 Re8
22. Be3 b6 23. d4 Bc7 24. dxc5 bxc5 25. Bxc5 Ngxe5 26. Nxe5 Nxe5 27. f4 Red8
28. Be3 Ng4 29. Rd4 Nxe3 30. Rxd7 Rxd7 31. Nxe3 Ba5 32. Rb2 Kc7 33. f5 Kc6 34.
fxe6 fxe6 35. Kf3 Kc5 36. Rb8 Kd4 37. Re8 e5 38. Nf5+ Kxc4 39. Rxe5 Bc3 40.
Re4+ Kd3 41. Re3+ Kc2 42. Re2+ Kb1 43. Ke4 g6 44. Ne3 Rd4+ 45. Kf3 a5 46. a3 a4
47. g4 Bb2 48. h4 Bc1 49. Nc2 Rf4+ 50. Kg3 Rc4 51. Nb4 Bxa3 52. Nd5 Bc1 53. Nb6
Rc3+ 54. Kf2 a3 55. Nd5 Rc2 56. Nb4 Rxe2+ 57. Kxe2 a2 58. Nxa2 Kxa2 59. Kd3 Kb3
60. Kd4 h6 61. Ke5 g5 62. h5 Kc4 63. Kf5 Kd5 64. Kg6 Ke6 65. Kxh6 Ke5 66. Kg6
Kf4 67. h6 Kxg4 0-1

[Event "DM 2023 Kandidatklassen"]
[Site "Svendborg"]
[Date "2023.04.08"]
[Round "5"]
[White "Meskenas, Paulius"]
[Black "Ostensen, Nicolai Maxime"]
[Result "0-1"]
[WhiteElo "2216"]
[BlackElo "2226"]
[PlyCount "212"]
[EventDate "2023.04.04"]
[EventType "swiss"]
[EventRounds "7"]
[EventCountry "DEN"]
[SourceTitle "Live v. Kasper Jerwiarz"]

1. e4 e5 2. Nf3 Nc6 3. Bc4 Bc5 4. c3 Nf6 5. d3 a5 6. O-O d6 7. h3 h6 8. Re1 Bb6
9. d4 O-O 10. Bb5 Bd7 11. Na3 Re8 12. dxe5 Nxe5 13. Nxe5 Rxe5 14. Bd3 Re7 15.
Qf3 Re8 16. Nc4 Bc5 17. Be3 Bxe3 18. Nxe3 a4 19. Rad1 Be6 20. Bb1 Ra5 21. Nc2
Nd7 22. Nd4 Qf6 23. Qe3 g5 24. Ne2 Ne5 25. Nd4 Qf4 26. Qxf4 gxf4 27. f3 Kg7 28.
Ne2 Ng6 29. Rd4 Rg5 30. Kf2 b5 31. Rh1 Kf6 32. h4 Rh5 33. g4 fxg3+ 34. Nxg3 Rc5
35. h5 Ne5 36. Ne2 Rg8 37. Rh4 Ke7 38. f4 Nc4 39. b4 axb3 40. axb3 Nb6 41. Bc2
Bg4 42. b4 Rxh5 43. Rxh5 Bxh5 44. Ng3 Bg4 45. e5 dxe5 46. fxe5 Bd7 47. Rh4 Nc4
48. Rxh6 Nxe5 49. Rh5 Nc4 50. Rc5 c6 51. Ne2 Kd6 52. Rh5 Re8 53. Rh7 Ne5 54.
Ke3 Nc4+ 55. Kf2 Ne3 56. Bb3 Ng4+ 57. Ke1 Be6 58. Bxe6 fxe6 59. Kd2 e5 60. Rg7
Nf6 61. Ng3 Ke6 62. Rc7 Rd8+ 63. Kc2 Rd6 64. Rg7 Rd7 65. Rxd7 Nxd7 66. Kd3 Nb6
67. Ne4 Nc4 68. Nc5+ Kd5 69. Nd7 e4+ 70. Ke2 Kd6 71. Nc5 Ke5 72. Nb3 Nb6 73.
Nd4 Kd5 74. Nf5 Nc4 75. Ne7+ Kd6 76. Nf5+ Ke6 77. Nd4+ Kd5 78. Nf5 Ne5 79. Ne3+
Ke6 80. Kd1 Nc4 81. Nc2 Kd5 82. Ke2 Ne5 83. Ne3+ Ke6 84. Kd1 Nd3 85. Kd2 Ke5
86. Ke2 Nf4+ 87. Kd2 Nd5 88. Nc2 Kf4 89. Nd4 Ne7 90. Ke2 Ke5 91. Kd2 Kd5 92.
Nc2 Nf5 93. Na3 Ke5 94. Nc2 Kf4 95. Ke2 e3 96. Ne1 Ke4 97. Kd1 Ne7 98. Kc1 Nd5
99. Kc2 Nf4 100. Kd1 Nd3 101. Nc2 Kf3 102. Nd4+ Kf2 103. Kc2 e2 104. Kxd3 e1=Q
105. Nxc6 Qe3+ 106. Kc2 Qe4+ 0-1

[Event "DM 2023 Kandidatklassen"]
[Site "Svendborg"]
[Date "2023.04.08"]
[Round "5"]
[White "Terryn, Ezra"]
[Black "Loftgaard, Mikkel Vinh"]
[Result "1-0"]
[WhiteElo "2213"]
[BlackElo "2244"]
[PlyCount "51"]
[EventDate "2023.04.04"]
[EventType "swiss"]
[EventRounds "7"]
[EventCountry "DEN"]
[SourceTitle "Live v. Kasper Jerwiarz"]

1. e4 c5 2. b4 cxb4 3. a3 d5 4. exd5 Qxd5 5. Nf3 Bg4 6. axb4 Bxf3 7. Qxf3 Qxf3
8. gxf3 e6 9. b5 Nd7 10. Bg2 a6 11. f4 Rb8 12. Nc3 axb5 13. Nxb5 Ngf6 14. d4
Nb6 15. Ra7 Nfd5 16. O-O Kd7 17. f5 Kc6 18. Bf4 Rc8 19. Rb1 Be7 20. Ra5 Kd7 21.
Na7 Nxf4 22. Nxc8 Nxc8 23. Rxb7+ Kd8 24. Bc6 Nd5 25. Rd7+ Ke8 26. Rdxd5+ 1-0

[Event "DM 2023 Kandidatklassen"]
[Site "Svendborg"]
[Date "2023.04.08"]
[Round "5"]
[White "Falkesgaard, Jeppe Hald"]
[Black "Zander, Emil"]
[Result "1-0"]
[WhiteElo "2062"]
[BlackElo "2006"]
[PlyCount "47"]
[EventDate "2023.04.04"]
[EventType "swiss"]
[EventRounds "7"]
[EventCountry "DEN"]
[SourceTitle "Live v. Kasper Jerwiarz"]

1. c4 Nf6 2. Nc3 e6 3. e4 d5 4. e5 d4 5. exf6 dxc3 6. bxc3 Qxf6 7. Nf3 c5 8. d4
h6 9. Bd3 Be7 10. O-O O-O 11. Qe2 Rd8 12. Ne5 Nd7 13. f4 Nf8 14. Ng4 Qh4 15. g3
Qh3 16. Nf2 Qxf1+ 17. Kxf1 b6 18. Be3 Ba6 19. Rd1 g6 20. Ng4 h5 21. Ne5 Bf6 22.
dxc5 Bxe5 23. fxe5 Nd7 24. Bg5 1-0

[Event "DM 2023 Kandidatklassen"]
[Site "Svendborg"]
[Date "2023.04.08"]
[Round "5"]
[White "Thybo, Thomas Sondergaard"]
[Black "Jensen, Lars Munk"]
[Result "1-0"]
[WhiteElo "2130"]
[BlackElo "2150"]
[PlyCount "63"]
[EventDate "2023.04.04"]
[EventType "swiss"]
[EventRounds "7"]
[EventCountry "DEN"]
[SourceTitle "Live v. Kasper Jerwiarz"]

1. e4 c5 2. Nf3 e6 3. d4 cxd4 4. Nxd4 a6 5. Bd3 Nf6 6. Qe2 d5 7. e5 Nfd7 8. Nd2
Nc6 9. N2f3 Nc5 10. O-O Bd7 11. h4 Nxd4 12. Nxd4 Qxh4 13. Be3 Rc8 14. f4 Nxd3
15. cxd3 Bc5 16. Rac1 Qe7 17. Qf2 Bxd4 18. Rxc8+ Bxc8 19. Bxd4 Bd7 20. Rc1 Bc6
21. Qg3 g6 22. f5 Kd7 23. Bc5 Qe8 24. fxe6+ fxe6 25. Rf1 d4 26. Rf6 Kc8 27. Bd6
Bd5 28. Qf2 Qd8 29. Qxd4 Qa5 30. Qa7 Kd7 31. Rf7+ Kc6 32. Qxb7# 1-0

[Event "DM 2023 Kandidatklassen"]
[Site "Svendborg"]
[Date "2023.04.08"]
[Round "5"]
[White "Thogersen, Rasmus"]
[Black "Jarlskov, Daniel Tuk Hartso"]
[Result "1/2-1/2"]
[WhiteElo "2365"]
[BlackElo "2073"]
[PlyCount "140"]
[EventDate "2023.04.04"]
[EventType "swiss"]
[EventRounds "7"]
[EventCountry "DEN"]
[SourceTitle "Live v. Kasper Jerwiarz"]

1. e4 c6 2. d4 d5 3. exd5 cxd5 4. Nf3 Nc6 5. Bb5 Bg4 6. h3 Bxf3 7. Qxf3 e6 8.
O-O Nf6 9. c3 a6 10. Bd3 Be7 11. Bf4 O-O 12. Nd2 b5 13. a3 Qb6 14. Qe2 Rfe8 15.
Nf3 Na5 16. Ne5 Nc4 17. Rfe1 Nxe5 18. Bxe5 Nd7 19. Qc2 g6 20. Bf4 Bd6 21. Bg5
Be7 22. Bf4 Bd6 23. Qd2 Qc7 24. Bh6 e5 25. dxe5 Nxe5 26. Be2 Rad8 27. Qd4 Bc5
28. Qf4 Qb6 29. b4 Bf8 30. Bxf8 Kxf8 31. Bxb5 axb5 32. Rxe5 Rxe5 33. Qxe5 f6
34. Qe2 Re8 35. Qd3 Re5 36. a4 bxa4 37. Rxa4 Re1+ 38. Kh2 Qxf2 39. Qd4 Qxd4 40.
cxd4 Rd1 41. b5 Rb1 42. Ra5 Ke7 43. Ra7+ Ke6 44. Rxh7 Rxb5 45. Rh4 g5 46. Rg4
Rb4 47. Kg3 Kf5 48. Kh2 Ra4 49. Kg1 Kg6 50. Kf2 f5 51. Rg3 Rxd4 52. Ra3 Kf6 53.
Ra8 g4 54. hxg4 Rxg4 55. Kf3 Re4 56. g3 d4 57. Rb8 Ke6 58. Rb6+ Ke5 59. Rb5+
Kf6 60. Rd5 Kg5 61. Rd8 Re3+ 62. Kf2 Rd3 63. Ke2 Rxg3 64. Rxd4 f4 65. Kf2 Re3
66. Rd8 Re5 67. Rg8+ Kf5 68. Ra8 Rd5 69. Rf8+ Ke4 70. Re8+ Re5 1/2-1/2

[Event "DM 2023 Kandidatklassen"]
[Site "Svendborg"]
[Date "2023.04.08"]
[Round "5"]
[White "Koch Mueller, Oscar"]
[Black "Le Besq, Alexander"]
[Result "0-1"]
[WhiteElo "2167"]
[BlackElo "2217"]
[PlyCount "176"]
[EventDate "2023.04.04"]
[EventType "swiss"]
[EventRounds "7"]
[EventCountry "DEN"]
[SourceTitle "Live v. Kasper Jerwiarz"]

1. d4 d5 2. c4 e6 3. Nc3 c6 4. e3 Nf6 5. Nf3 Be7 6. Qc2 O-O 7. b3 Nbd7 8. Bd3
b6 9. O-O Bb7 10. Bb2 Rc8 11. Rad1 Qc7 12. Rfe1 h6 13. h3 Rfd8 14. Nd2 c5 15.
e4 dxc4 16. Nxc4 cxd4 17. Nb5 Qb8 18. Nxd4 a6 19. Qe2 Bb4 20. Nd2 Nc5 21. e5
Nd5 22. Bb1 Nc3 23. Bxc3 Bxc3 24. N4f3 Qa8 25. Rf1 Bxd2 26. Rxd2 Rxd2 27. Qxd2
Bxf3 28. gxf3 Rd8 29. Qc2 g6 30. b4 Nd3 31. Qc7 Nf4 32. Be4 Qb8 33. Qxb8 Rxb8
34. Rd1 Nxh3+ 35. Kf1 a5 36. b5 Ng5 37. Bc6 Nh7 38. f4 Nf8 39. Rd6 Kg7 40. Ke2
Kg8 41. Be4 Kg7 42. Bc2 g5 43. fxg5 hxg5 44. Kf3 Ng6 45. Bxg6 Kxg6 46. Kg4 Rc8
47. Rc6 Rd8 48. Rxb6 Rd4+ 49. Kf3 Ra4 50. Ra6 Rxa2 51. b6 Rb2 52. Rxa5 Rxb6 53.
Ra7 Rb4 54. Ke3 Rb3+ 55. Ke4 g4 56. Ra8 Kg7 57. Ra1 Kh6 58. Ra8 Rb4+ 59. Ke3
Rb3+ 60. Ke4 Kg7 61. Ra1 Rb4+ 62. Ke3 Kh6 63. Ra8 Kh7 64. Ra1 Kg6 65. Ra8 Kf5
66. Rf8 Rb3+ 67. Kd4 Rb7 68. Rg8 Rb4+ 69. Kc3 Rf4 70. Kd3 Rxf2 71. Kd4 Rf4+ 72.
Ke3 Kxe5 73. Rg5+ f5 74. Rg8 Rf3+ 75. Ke2 Ra3 76. Rb8 Ra4 77. Rc8 Kf4 78. Kf2
e5 79. Rb8 Ra2+ 80. Kf1 e4 81. Rb4 Kf3 82. Rb1 e3 83. Rc1 Rf2+ 84. Kg1 g3 85.
Ra1 g2 86. Kh2 Rf1 87. Rxf1+ gxf1=R 88. Kh3 Rh1# 0-1

[Event "DM 2023 Kandidatklassen"]
[Site "Svendborg"]
[Date "2023.04.08"]
[Round "5"]
[White "Wahlgreen, Noah Krug"]
[Black "Hoyer, Jacob K"]
[Result "0-1"]
[WhiteElo "1975"]
[BlackElo "2194"]
[PlyCount "66"]
[EventDate "2023.04.04"]
[EventType "swiss"]
[EventRounds "7"]
[EventCountry "DEN"]
[SourceTitle "Live v. Kasper Jerwiarz"]

1. e4 c5 2. Nf3 d6 3. d4 cxd4 4. Nxd4 Nf6 5. Nc3 a6 6. f3 e5 7. Nb3 h5 8. Be3
Be6 9. Qd2 Nbd7 10. Nd5 Bxd5 11. exd5 Be7 12. O-O-O Rc8 13. Kb1 Nb6 14. Qa5 Nc4
15. Bxc4 Rxc4 16. Qxd8+ Bxd8 17. Nd2 Rc8 18. b3 Nxd5 19. Ne4 Nxe3 20. Nxd6+ Kd7
21. Nxf7+ Nxd1 22. Rxd1+ Ke6 23. Nxh8 Bf6 24. Ng6 Kf5 25. Rd7 Kxg6 26. Rxb7 Rc6
27. b4 Kf5 28. a4 e4 29. b5 exf3 30. gxf3 Rc4 31. bxa6 Rxa4 32. Rb5+ Kf4 33.
Kc1 h4 0-1

[Event "DM 2023 Kandidatklassen"]
[Site "Svendborg"]
[Date "2023.04.08"]
[Round "5"]
[White "Mollasoltani, Aryan"]
[Black "Nielsen, Phillip"]
[Result "1-0"]
[WhiteElo "2008"]
[BlackElo "1987"]
[PlyCount "61"]
[EventDate "2023.04.04"]
[EventType "swiss"]
[EventRounds "7"]
[EventCountry "DEN"]
[SourceTitle "Live v. Kasper Jerwiarz"]

1. e4 d5 2. exd5 Nf6 3. d4 Qxd5 4. Nc3 Qd6 5. Nf3 Nc6 6. Nb5 Qd8 7. c4 a6 8.
Nc3 Bg4 9. d5 Ne5 10. Be2 Bxf3 11. Bxf3 g6 12. Be2 Bg7 13. Bf4 Ned7 14. Qd2 O-O
15. Bh6 Re8 16. O-O-O e6 17. h4 exd5 18. Bxg7 Kxg7 19. h5 Nf8 20. hxg6 fxg6 21.
cxd5 Qd6 22. Bf3 Rad8 23. g4 Re7 24. g5 N6d7 25. Ne4 Qe5 26. Rhe1 Rde8 27. Nf6
Qf5 28. Nxe8+ Rxe8 29. Rxe8 Qxf3 30. Re7+ Kg8 31. Qd4 1-0

[Event "DM 2023 Kandidatklassen"]
[Site "Svendborg"]
[Date "2023.04.08"]
[Round "5"]
[White "Iskos, Lukas"]
[Black "Thorsen, Adrian Stenstrop"]
[Result "1-0"]
[WhiteElo "2013"]
[BlackElo "2060"]
[PlyCount "69"]
[EventDate "2023.04.04"]
[EventType "swiss"]
[EventRounds "7"]
[EventCountry "DEN"]
[SourceTitle "Live v. Kasper Jerwiarz"]

1. d4 Nf6 2. Nf3 e6 3. Bf4 c5 4. e3 d5 5. Nbd2 Bd6 6. Bg3 O-O 7. c3 b6 8. Bd3
Ba6 9. Qe2 Bxd3 10. Qxd3 Qc7 11. Rd1 Nbd7 12. e4 cxd4 13. cxd4 dxe4 14. Nxe4
Nxe4 15. Qxe4 Bb4+ 16. Nd2 Bxd2+ 17. Kxd2 Qc4 18. b3 Qa6 19. a4 Qa5+ 20. Ke2
Rac8 21. Rc1 b5 22. Qb7 Nb6 23. Bd6 Rfe8 24. Rc5 Rcd8 25. Rhc1 Rd7 26. Qc6 Red8
27. Rxb5 Qa6 28. Bc5 Rd5 29. Bxb6 axb6 30. Qxb6 Qa8 31. Qb7 Rxb5 32. Qxa8 Rxa8
33. axb5 Kf8 34. Kd3 Rb8 35. Rc5 1-0

[Event "DM 2023 Kandidatklassen"]
[Site "Svendborg"]
[Date "2023.04.08"]
[Round "5"]
[White "Medhus, Vitus Bondo"]
[Black "Thuesen, Mogens Henrik"]
[Result "1-0"]
[WhiteElo "2097"]
[BlackElo "2156"]
[PlyCount "73"]
[EventDate "2023.04.04"]
[EventType "swiss"]
[EventRounds "7"]
[EventCountry "DEN"]
[SourceTitle "Live v. Kasper Jerwiarz"]

1. e4 c6 2. d4 d5 3. f3 e6 4. Be3 Nf6 5. Nd2 c5 6. dxc5 d4 7. Bf2 Bxc5 8. c3
Bb6 9. Nc4 Nc6 10. e5 Nd5 11. cxd4 Ba5+ 12. Nxa5 Qxa5+ 13. Qd2 Ncb4 14. Rc1
Qxa2 15. Bc4 Qa5 16. Nh3 Bd7 17. O-O Qb6 18. Ng5 O-O 19. Ne4 a5 20. Rfd1 Bb5
21. b3 a4 22. Bxb5 Qxb5 23. bxa4 Rxa4 24. Rb1 Rfa8 25. Nc3 Nxc3 26. Qxc3 Nd5
27. Qc2 Qa6 28. Rb3 h6 29. Rdb1 Ra2 30. Qe4 Re2 31. Qd3 Qa2 32. Rxb7 g6 33. Bg3
Ne3 34. Kh1 Ra3 35. Qxg6+ fxg6 36. Rb8+ Kg7 37. R1b7# 1-0